000
00328nam a2200133Ia 4500
008
240624s9999 xx 000 0 und d
041
_a
eng
082
_a
006.7 JAY
100
_a
JAYASWAL KAILASH
245
_a
CLOUD COMPUTING BLACK BOOK
260
_c
2015
_a
New Delhi
_b
Wiley
300
_a
457 : p. : cm. ; 28
365
_c
RS
_b
33
999
_c
26477
_d
26477